Normal view
MARC view
- Messent, Peter B
Entry Personal Name
001 - CONTROL NUMBER
- control field: 129417
003 - CONTROL NUMBER IDENTIFIER
- control field: NUST
005 - DATE AND TIME OF LATEST TRANSACTION
- control field: 20250703155538.0
008 - FIXED-LENGTH DATA ELEMENTS
- fixed length control field: 250703|| aca||aabn | a|a d
040 ## - CATALOGING SOURCE
- Original cataloging agency: NUST
- Transcribing agency: NUST
100 ## - HEADING--PERSONAL NAME
- Personal name: Messent, Peter B
670 ## - SOURCE DATA FOUND
- Source citation: Work cat.: (NUST)0: Messent, Peter B., The crime fiction handbook /, 2013.
